000 00982nam a2200289 i 4500
003 EG-GICUC
005 20260424174318.0
008 260420s1983 fr ||||fr|||| 000 0 fre d
040 _aEG-GiCUC
_bfre
_cEG-GiCUC
_dEG-GiCUC
_eRda
082 0 4 _221
_a341.23
_bAN
092 0 4 _221
099 _aLaw1 11 341.23 AN 1983
245 0 0 _aAnnuaire Des Nations Unies Sur Le Désarmement
_b
_c
_nVolume 8 /
264 1 _aNew York :
_bDépartement Des Affaires Politiques Et Des Affaires Du Conseil De Sécuris Centre Des Nations Unies Pour Le Désarmemes,
_c1983.
300 _a616 page :
_billustration ;
_c 24 cm.
336 _2rda contenu
_a texte
337 _2rda medias
_aOrdinateur
338 _2 transporteur rda
_a Ressource en ligne
504 _a
546 _aTexte en français
650 1 4 _aDroit international public
_2
651 1 _2
700 1 _a
856 4 0 _uhttps://fll.law.cu.edu.eg/fulltext/bks/B11-09961.pdf
905 _a50
942 _2ddc
_cBK
_e21
_n0
999 _c72313
_d72313